000 00346nam a22001337a 4500
003 ARRUPE
005 20211012085839.0
008 211012b ||||| |||| 00| 0 eng d
040 _cArrupe
050 _aPeriodical
245 _aAmerican Philosophical Association
260 _aDelaware
_bUniversity of Delaware
_c2009
942 _2lcc
_cPERIODICAL
999 _c130752
_d130752